[Event "CRO-ch Women 2018"]
[Site "Zagreb"]
[Date "2018.05.23"]
[Round "1.1"]
[White "Raguz, Ivanka"]
[Black "Saric, Kristina"]
[Result "0-1"]
[WhiteElo "1735"]
[BlackElo "2228"]
[PlyCount "92"]
[EventDate "2018.??.??"]
[WhiteClock "1:30:00"]
[BlackClock "1:30:00"]

1. d4 Nf6 2. c4 e6 3. Nc3 Bb4 4. Bg5 d5 5. e3 O-O 6. Nge2 dxc4 7. a3 Be7 8. Ng3
a6 9. Bxc4 Nbd7 10. O-O h6 11. Bf4 c5 12. Bd3 b5 13. Qf3 Ra7 14. Rad1 Bb7 15.
Qe2 Ra8 16. Bb1 Qb6 17. Be5 b4 18. axb4 cxb4 19. Bxf6 Nxf6 20. Nce4 Nxe4 21.
Nxe4 Rac8 22. f4 f5 23. Nd2 a5 24. g4 Qc6 25. d5 Qxd5 26. Nf3 Qc6 27. gxf5 exf5
28. Ba2+ Kh7 29. Bd5 Qg6+ 30. Kh1 Ba6 31. Rd3 Bxd3 32. Qxd3 Rfd8 33. Rg1 Qf6
34. e4 Rc5 35. Ne5 Bd6 36. Nf7 Rd7 37. Nxd6 Qxd6 38. Qg3 Rxd5 39. exd5 Qxd5+
40. Rg2 Qd1+ 41. Rg1 Qd6 42. h4 a4 43. h5 a3 44. bxa3 bxa3 45. Qe3 Qd5+ 46. Rg2
Qd1+ 0-1

[Event "CRO-ch Women 2018"]
[Site "Zagreb"]
[Date "2018.05.23"]
[Round "1.2"]
[White "Ivekovic, Tihana"]
[Black "Ivekovic, Zvjezdana"]
[Result "1-0"]
[WhiteElo "2184"]
[BlackElo "1708"]
[PlyCount "65"]
[EventDate "2018.??.??"]
[WhiteClock "1:30:00"]
[BlackClock "1:30:00"]

1. d4 d5 2. c4 c6 3. Nc3 Nf6 4. Nf3 Bf5 5. cxd5 cxd5 6. Qb3 b6 7. Bf4 a6 8. e3
e6 9. Bxb8 Qxb8 10. Bxa6 Bd6 11. Bb5+ Ke7 12. Qd1 Ne4 13. Nxe4 dxe4 14. Nh4
Bxh2 15. Nxf5+ exf5 16. Qh5 Qc8 17. Qxh2 Rxa2 18. O-O Rxb2 19. Ra7+ Kf6 20.
Qe5+ Kg6 21. Bd7 Qb8 22. Qxf5+ Kh6 23. g4 g6 24. g5+ Kg7 25. Qf6+ Kg8 26. Rfa1
Rb1+ 27. Rxb1 Qxa7 28. Rxb6 h6 29. Be6 fxe6 30. Qxg6+ Kf8 31. Qf6+ Kg8 32. g6
Qxb6 33. Qf7# 1-0

[Event "CRO-ch Women 2018"]
[Site "Zagreb"]
[Date "2018.05.23"]
[Round "1.3"]
[White "Muha, Magdalena"]
[Black "Berke, Ana"]
[Result "0-1"]
[WhiteElo "1621"]
[BlackElo "2175"]
[PlyCount "86"]
[EventDate "2018.??.??"]
[WhiteClock "1:30:00"]
[BlackClock "1:30:00"]

1. d4 Nf6 2. Nf3 e6 3. c4 c5 4. Nc3 cxd4 5. Nxd4 Nc6 6. e3 Bb4 7. Bd2 Nxd4 8.
exd4 O-O 9. Be2 b6 10. Bf3 Rb8 11. O-O Bb7 12. Bf4 Bxf3 13. Qxf3 Rc8 14. Nb5
Rxc4 15. b3 Rc2 16. Nxa7 Qa8 17. Qxa8 Rxa8 18. Rfc1 Rxc1+ 19. Rxc1 Nd5 20. Bg3
f5 21. Rc8+ Rxc8 22. Nxc8 f4 23. Bh4 Bc3 24. Bd8 Bxd4 25. a4 e5 26. a5 bxa5 27.
Bxa5 Kf7 28. b4 Bc3 29. Nd6+ Ke6 30. Ne4 Bxb4 31. Bxb4 Nxb4 32. Ng5+ Kf5 33.
Nxh7 d5 34. h4 e4 35. Ng5 d4 36. Kf1 d3 37. Ke1 e3 38. fxe3 fxe3 39. Nf3 Nd5
40. Nd4+ Ke4 41. Nf3 Nf4 42. Ng5+ Kd4 43. Nf3+ Kc3 0-1

[Event "CRO-ch Women 2018"]
[Site "Zagreb"]
[Date "2018.05.23"]
[Round "1.4"]
[White "Medic, Mirjana"]
[Black "Koksa, Jelena"]
[Result "1-0"]
[WhiteElo "2157"]
[BlackElo "1600"]
[PlyCount "63"]
[EventDate "2018.??.??"]
[WhiteClock "1:30:00"]
[BlackClock "1:30:00"]

1. d4 d5 2. Nf3 Nf6 3. c4 dxc4 4. Nc3 a6 5. a4 Nc6 6. e4 Bg4 7. Be3 Na5 8. h3
Bxf3 9. Qxf3 e6 10. Be2 Be7 11. O-O O-O 12. Qg3 Re8 13. Rad1 c5 14. dxc5 Qc8
15. e5 Nd7 16. Ne4 Qc7 17. Nd6 Red8 18. Qf4 Rf8 19. Bxc4 Nxc4 20. Qxc4 Nxe5 21.
Qe4 Bf6 22. b4 Qc6 23. Qc2 b6 24. b5 Qc7 25. c6 Rfd8 26. Ne4 Be7 27. f4 Ng6 28.
Rxd8+ Bxd8 29. a5 Qb8 30. Qf2 bxa5 31. b6 Be7 32. b7 1-0

[Event "CRO-ch Women 2018"]
[Site "Zagreb"]
[Date "2018.05.23"]
[Round "1.5"]
[White "Putar, Lara"]
[Black "Vujnovic, Patricija"]
[Result "0-1"]
[WhiteElo "1571"]
[BlackElo "2110"]
[PlyCount "94"]
[EventDate "2018.??.??"]
[WhiteClock "1:30:00"]
[BlackClock "1:30:00"]

1. d4 c5 2. d5 Nf6 3. c4 d6 4. Bg5 Ne4 5. Bf4 e5 6. dxe6 Bxe6 7. Qc2 Nf6 8. Nf3
Nc6 9. a3 Qa5+ 10. Nbd2 Be7 11. g3 O-O 12. Bg2 Rfd8 13. O-O Rac8 14. Nb3 Qa4
15. Rac1 b5 16. Nbd2 Qxc2 17. Rxc2 b4 18. axb4 Nxb4 19. Rcc1 h6 20. Rfd1 g5 21.
Be3 Ng4 22. Nf1 Bf6 23. b3 Na2 24. Rc2 Nc3 25. Rdc1 Ne4 26. Ra2 d5 27. cxd5
Bxd5 28. Rxa7 Nc3 29. Kh1 Nxe2 30. Rxc5 Nxe3 31. Rxc8 Rxc8 32. fxe3 Bxb3 33.
N3d2 Be6 34. Ne4 Be5 35. Bf3 Nc1 36. Ra5 Bc7 37. Rc5 Nd3 38. Nf6+ Kg7 39. Nh5+
Kf8 40. Rc3 Ne5 41. Bb7 Rb8 42. Rxc7 Rxb7 43. Rc5 Ng4 44. h3 Nf2+ 45. Kg2 Rb2
46. Kf3 Bxh3 47. Nf6 g4+ 0-1

[Event "CRO-ch Women 2018"]
[Site "Zagreb"]
[Date "2018.05.23"]
[Round "1.6"]
[White "Cvitan, Ena"]
[Black "Smetisko, Lucija"]
[Result "1-0"]
[WhiteElo "2103"]
[BlackElo "1548"]
[PlyCount "81"]
[EventDate "2018.??.??"]
[WhiteClock "1:30:00"]
[BlackClock "1:30:00"]

1. d4 d5 2. Nf3 Nf6 3. Bf4 Bf5 4. e3 e6 5. c4 Be7 6. Qb3 Qc8 7. Nc3 c6 8. Rc1
O-O 9. h3 Nbd7 10. cxd5 exd5 11. Be2 Nb6 12. a4 Bd8 13. O-O Bc7 14. Ne5 Rb8 15.
a5 Nbd7 16. Nb5 Ne8 17. Nxc7 Nxc7 18. Nxd7 Qxd7 19. Bxc7 Qxc7 20. Qxd5 Be6 21.
Qc5 a6 22. d5 Bd7 23. Bf3 Rfc8 24. Rfd1 h6 25. dxc6 Bxc6 26. Bxc6 bxc6 27. b4
Rb5 28. Qc3 c5 29. bxc5 Rxc5 30. Qxc5 Qxc5 31. Rd8+ Rxd8 32. Rxc5 Rd1+ 33. Kh2
Ra1 34. Kg3 Kf8 35. e4 Ke7 36. e5 Ra4 37. h4 Kd7 38. h5 Ra3+ 39. f3 f6 40. Kg4
Ra4+ 41. Kf5 1-0

[Event "CRO-ch Women 2018"]
[Site "Zagreb"]
[Date "2018.05.23"]
[Round "1.7"]
[White "Bevanda, Ema"]
[Black "Blazeka, Mihaela"]
[Result "0-1"]
[WhiteElo "1471"]
[BlackElo "2028"]
[PlyCount "84"]
[EventDate "2018.??.??"]
[WhiteClock "1:30:00"]
[BlackClock "1:30:00"]

1. d4 e6 2. Bf4 Nf6 3. e3 b6 4. Nf3 Bb7 5. Bd3 c5 6. c3 Be7 7. h3 d6 8. Nbd2
Nbd7 9. O-O Qc7 10. Rc1 e5 11. dxe5 dxe5 12. Bg5 e4 13. Bxf6 exf3 14. Bxe7 fxg2
15. Re1 Ne5 16. Bb5+ Kxe7 17. e4 Rhd8 18. Qe2 Rxd2 19. Qh5 g6 20. Qg5+ f6 21.
Qxg2 c4 22. Rb1 Nd3 23. Rf1 Qc5 24. Ba4 Qe5 25. Qg4 Nc5 26. Bb5 Bxe4 27. Rbe1
h5 28. Qh4 Rh8 29. Bc6 g5 30. Qg3 Qxg3+ 31. fxg3 Rg2+ 32. Kh1 Re2+ 33. Bxe4
Rxe4 34. Rxe4+ Nxe4 35. Re1 f5 36. Kg2 Rd8 37. g4 Rd2+ 38. Kf3 Rd3+ 39. Kg2
hxg4 40. hxg4 Rg3+ 41. Kh2 Rxg4 42. Kh3 Rh4+ 0-1

[Event "CRO-ch Women 2018"]
[Site "Zagreb"]
[Date "2018.05.23"]
[Round "1.8"]
[White "Spiranec, Noemi"]
[Black "Komljenovic, Kristina"]
[Result "1-0"]
[WhiteElo "1946"]
[BlackElo "1450"]
[PlyCount "71"]
[EventDate "2018.??.??"]
[WhiteClock "1:30:00"]
[BlackClock "1:30:00"]

1. d4 e6 2. c4 d5 3. Nf3 h6 4. g3 Nf6 5. Bg2 c6 6. O-O Bd6 7. Nc3 O-O 8. b3 b6
9. Qc2 Bb7 10. e4 dxe4 11. Nxe4 Nxe4 12. Qxe4 f5 13. Qxe6+ Kh8 14. Ne5 Bxe5 15.
Qxe5 Nd7 16. Qe2 Re8 17. Qc2 Qf6 18. Bb2 Qf7 19. Rfd1 Rad8 20. d5 c5 21. Re1
Rxe1+ 22. Rxe1 Re8 23. Rxe8+ Qxe8 24. Qxf5 Kg8 25. Qe6+ Qxe6 26. dxe6 Bc8 27.
Bb7 Kf8 28. Bxc8 Nb8 29. Be5 Nc6 30. Bd6+ Ne7 31. Kg2 Ke8 32. Bd7+ Kd8 33.
Bxe7+ Kxe7 34. Kf3 g6 35. Ke4 Kd6 36. f4 1-0

[Event "CRO-ch Women 2018"]
[Site "Zagreb"]
[Date "2018.05.23"]
[Round "1.9"]
[White "Spilek, Kristina"]
[Black "Golub, Nikolina"]
[Result "0-1"]
[WhiteElo "1444"]
[BlackElo "1906"]
[PlyCount "84"]
[EventDate "2018.??.??"]
[WhiteClock "1:30:00"]
[BlackClock "1:30:00"]

1. e4 c5 2. Nf3 e6 3. d4 cxd4 4. Nxd4 Nf6 5. Bg5 Be7 6. Nc3 a6 7. Bd3 Nc6 8.
Nxc6 bxc6 9. O-O d5 10. e5 Nd7 11. Bxe7 Qxe7 12. f4 c5 13. b3 Bb7 14. Kh1 h5
15. Qe1 g6 16. Nd1 Rc8 17. c4 Rd8 18. Rc1 d4 19. Be4 Bxe4 20. Qxe4 O-O 21. Nf2
Nb8 22. Nd3 a5 23. a4 Qc7 24. Rf2 Nd7 25. Qe2 Rb8 26. Rb1 Rb7 27. Qd1 Qc6 28.
Rfb2 Rfb8 29. Qd2 Qc7 30. Qd1 Nb6 31. Qd2 Nc8 32. Qd1 Ne7 33. Kg1 Nf5 34. Nf2
Ne3 35. Qd3 Rb4 36. Nd1 Nxd1 37. Qxd1 R8b7 38. Qd3 Qb8 39. Qd2 Rxb3 40. Rxb3
Rxb3 41. Rxb3 Qxb3 42. Qxa5 Qe3+ 0-1

[Event "CRO-ch Women 2018"]
[Site "Zagreb"]
[Date "2018.05.23"]
[Round "1.10"]
[White "Smetisko, Marija"]
[Black "Purkic, Ruza"]
[Result "1-0"]
[WhiteElo "1889"]
[BlackElo "1434"]
[PlyCount "59"]
[EventDate "2018.??.??"]
[WhiteClock "1:30:00"]
[BlackClock "1:30:00"]

1. e4 c5 2. Nf3 g6 3. d4 cxd4 4. Qxd4 Nf6 5. e5 Nc6 6. Qc4 d5 7. exd6 Qxd6 8.
Nc3 Be6 9. Qa4 Bg7 10. Bf4 Qb4 11. Bb5 Qxb2 12. Bxc6+ Kf8 13. O-O bxc6 14. Be5
Qb7 15. Rab1 Qc8 16. Rfd1 Nd5 17. Qd4 Bxe5 18. Nxe5 Nxc3 19. Nxg6+ fxg6 20.
Qxh8+ Kf7 21. Qxc3 Bxa2 22. Rb4 Bd5 23. Qe5 a5 24. Rf4+ Kg8 25. Qxe7 Qb8 26.
Rh4 Ra7 27. Qc5 Qb7 28. c4 Bf7 29. Rd8+ Kg7 30. Qd4# 1-0

[Event "CRO-ch Women 2018"]
[Site "Zagreb"]
[Date "2018.05.23"]
[Round "1.11"]
[White "Arnold, Dora"]
[Black "Dasic, Jelena"]
[Result "0-1"]
[WhiteElo "1347"]
[BlackElo "1806"]
[PlyCount "108"]
[EventDate "2018.??.??"]
[WhiteClock "1:30:00"]
[BlackClock "1:30:00"]

1. e4 c5 2. Nf3 e6 3. d4 cxd4 4. Nxd4 a6 5. Nc3 b5 6. a3 Qc7 7. Be2 Nf6 8. Bd2
Bb7 9. Bd3 d6 10. O-O Nbd7 11. Qe2 g6 12. Rad1 Bg7 13. Nb3 O-O 14. Bf4 Ne8 15.
Qd2 Ne5 16. Rfe1 Nc4 17. Bxc4 Qxc4 18. Na5 Bxc3 19. bxc3 Qc7 20. Nxb7 Qxb7 21.
Bxd6 Nxd6 22. Qxd6 Rac8 23. Qd4 Rc4 24. Qe3 Qe7 25. Rd4 Rfc8 26. Rxc4 Rxc4 27.
Ra1 Qc7 28. Ra2 Rxc3 29. Qe2 Qc5 30. a4 bxa4 31. g3 Qb4 32. Kg2 Rc4 33. Qd3 a5
34. Ra3 Rxe4 35. Ra1 Rd4 36. Qf3 Qb2 37. Ra3 Qb5 38. Rc3 Qd5 39. h4 Rc4 40. Ra3
Qxf3+ 41. Kxf3 Rxc2 42. Rxa4 Rc5 43. Ke4 Rd5 44. f3 f5+ 45. Ke3 Kf7 46. f4 Ke7
47. Rc4 Kd7 48. Rc3 e5 49. fxe5 Rxe5+ 50. Kd4 Re4+ 51. Kd5 a4 52. Kc5 h6 53.
Rd3+ Ke7 54. Rd6 Rc4+ 0-1

[Event "CRO-ch Women 2018"]
[Site "Zagreb"]
[Date "2018.05.23"]
[Round "1.12"]
[White "Radikovic, Anamarija"]
[Black "Smetisko, Renata"]
[Result "1-0"]
[WhiteElo "1801"]
[BlackElo "1157"]
[PlyCount "67"]
[EventDate "2018.??.??"]
[WhiteClock "1:30:00"]
[BlackClock "1:30:00"]

1. d4 d5 2. c4 e6 3. Nc3 Bb4 4. a3 Bxc3+ 5. bxc3 Nf6 6. Bg5 h6 7. Bh4 Bd7 8. e3
Nc6 9. Nf3 Qe7 10. Be2 g5 11. Bg3 Rc8 12. Qc2 Ne4 13. O-O f6 14. Nd2 Nxd2 15.
Bh5+ Kd8 16. Qxd2 Be8 17. Be2 h5 18. h3 f5 19. Qa2 Bf7 20. cxd5 exd5 21. c4 Qd7
22. Rad1 Qe6 23. cxd5 Qxd5 24. Qb2 Rb8 25. Bf3 Qb3 26. Qa1 g4 27. d5 gxf3 28.
Qxh8+ Ke7 29. Bh4+ Kd6 30. dxc6+ Kxc6 31. Qxb8 fxg2 32. Rc1+ Kd6 33. Qxc7+ Ke6
34. Rfd1 1-0

[Event "CRO-ch Women 2018"]
[Site "Zagreb"]
[Date "2018.05.24"]
[Round "2.1"]
[White "Saric, Kristina"]
[Black "Spiranec, Noemi"]
[Result "1-0"]
[WhiteElo "2228"]
[BlackElo "1946"]
[PlyCount "71"]
[EventDate "2018.??.??"]
[WhiteClock "1:30:00"]
[BlackClock "1:30:00"]

1. e4 c5 2. Nf3 e6 3. d4 cxd4 4. Nxd4 a6 5. c4 Nf6 6. Nc3 Bb4 7. Bd3 Nc6 8. Nc2
Be7 9. O-O Qc7 10. Be3 d6 11. f4 O-O 12. Qe2 b6 13. Rac1 Nb8 14. Nd4 Nbd7 15.
b4 Bb7 16. Nb3 Rac8 17. Bd4 e5 18. Nd5 Nxd5 19. exd5 Bf6 20. fxe5 dxe5 21. Be3
Qd6 22. Bf5 Rfd8 23. c5 bxc5 24. bxc5 Qxd5 25. Rcd1 Qc6 26. Rd6 Qa4 27. Rfd1
Rc7 28. Qd2 Bc8 29. Na5 Be7 30. Bc2 Qh4 31. c6 Bxd6 32. Qxd6 Rxc6 33. Nxc6 Re8
34. Bf5 Nb6 35. Bxb6 Bxf5 36. Ne7+ 1-0

[Event "CRO-ch Women 2018"]
[Site "Zagreb"]
[Date "2018.05.24"]
[Round "2.2"]
[White "Blazeka, Mihaela"]
[Black "Ivekovic, Tihana"]
[Result "1/2-1/2"]
[WhiteElo "2028"]
[BlackElo "2184"]
[PlyCount "131"]
[EventDate "2018.??.??"]
[WhiteClock "1:22:00"]
[BlackClock "1:30:00"]

1. Nf3 d5 2. d4 Nf6 3. c4 dxc4 4. Nc3 e6 5. e3 a6 6. a4 c5 7. Bxc4 Nc6 8. O-O
Be7 9. dxc5 Qxd1 10. Rxd1 Bxc5 11. Ng5 O-O 12. Nge4 Be7 13. Bd2 Bd7 14. Be1
Rad8 15. f3 Ne5 16. Be2 Bc6 17. Nxf6+ gxf6 18. Bf2 Bb4 19. e4 Rxd1+ 20. Nxd1
Rd8 21. Be3 Nd3 22. b3 Bc5 23. Kf1 Bxe3 24. Nxe3 Nc5 25. Rd1 Rxd1+ 26. Bxd1 b5
27. a5 b4 28. Ke2 Bb5+ 29. Kd2 Nb7 30. Nc2 Nxa5 31. Nxb4 Kf8 32. Kc3 Ke7 33.
Nc2 Nc6 34. f4 Kd6 35. Bh5 Nd8 36. Ne3 Bc6 37. Nc4+ Ke7 38. Kd4 f5 39. exf5
Bxg2 40. Ne3 Bb7 41. Kc5 exf5 42. Nxf5+ Kf6 43. Nd4 Ne6+ 44. Nxe6 fxe6 45. b4
Kf5 46. Kd6 Bd5 47. Be2 Kxf4 48. Bxa6 Ke4 49. b5 Kd4 50. b6 e5 51. h4 e4 52. b7
Bxb7 53. Bxb7 Ke3 54. Ke5 Kf3 55. Kf5 Kg3 56. Kg5 h6+ 57. Kh5 e3 58. Ba6 Kh3
59. Be2 Kg3 60. Bf1 Kf2 61. Bc4 Kg3 62. Bb5 Kh3 63. Bd7+ Kg3 64. Bg4 Kf4 65.
Bd1 Kg3 66. Be2 1/2-1/2

[Event "CRO-ch Women 2018"]
[Site "Zagreb"]
[Date "2018.05.24"]
[Round "2.3"]
[White "Berke, Ana"]
[Black "Smetisko, Marija"]
[Result "1-0"]
[WhiteElo "2175"]
[BlackElo "1889"]
[PlyCount "71"]
[EventDate "2018.??.??"]
[WhiteClock "1:30:00"]
[BlackClock "1:30:00"]

1. e4 e5 2. Nf3 Nc6 3. Bb5 a6 4. Ba4 Bc5 5. O-O b5 6. Bb3 d6 7. Nc3 Nf6 8. Nd5
h6 9. c3 O-O 10. d3 Bb7 11. Be3 Bxe3 12. Nxf6+ Qxf6 13. fxe3 Ne7 14. Qe1 Rad8
15. Qg3 Qg6 16. Qh4 Rd7 17. Rf2 Kh8 18. Qh3 Rdd8 19. Raf1 Bc8 20. Qh4 f6 21. h3
Nc6 22. Kh2 Rfe8 23. g4 Be6 24. Bc2 Ne7 25. Qg3 Qf7 26. a3 Nc6 27. g5 Qg6 28.
d4 Bc8 29. h4 Kg8 30. Kg2 hxg5 31. hxg5 Kf7 32. Nh4 Qh5 33. Bd1 Qh8 34. gxf6 g5
35. Nf5 Rg8 36. Rh1 1-0

[Event "CRO-ch Women 2018"]
[Site "Zagreb"]
[Date "2018.05.24"]
[Round "2.4"]
[White "Golub, Nikolina"]
[Black "Medic, Mirjana"]
[Result "0-1"]
[WhiteElo "1906"]
[BlackElo "2157"]
[PlyCount "112"]
[EventDate "2018.??.??"]
[WhiteClock "1:30:00"]
[BlackClock "1:30:00"]

1. e4 e6 2. d4 d5 3. exd5 exd5 4. Nf3 c5 5. c3 Nf6 6. Bd3 c4 7. Bc2 Bg4 8. O-O
Be7 9. h3 Bh5 10. Bf4 Nc6 11. Nbd2 O-O 12. Qc1 b5 13. Ne5 Nxe5 14. Bxe5 Bg6 15.
Bxg6 hxg6 16. Bxf6 gxf6 17. b3 cxb3 18. axb3 a5 19. Qc2 Qd7 20. Ra2 Rfc8 21.
Qd3 a4 22. bxa4 bxa4 23. Rfa1 Qc6 24. Nb1 Ra7 25. Qc2 Rb8 26. Nd2 a3 27. Nb1
Rba8 28. Qb3 Ra4 29. Nd2 Bd6 30. g3 Kg7 31. h4 Rb8 32. Qc2 Rc8 33. Nb1 Bb4 34.
Qd1 Bd6 35. Qc2 Rc4 36. Nxa3 Rxc3 37. Qd2 Ra8 38. Nb1 Rc1+ 39. Kg2 Rxa2 40.
Qxa2 Rc2 41. Qa4 Qc8 42. Ra2 Rc4 43. Qd1 Qf5 44. Re2 Qg4 45. Rd2 Qe4+ 46. f3
Qe8 47. Rd3 Qc8 48. Qb3 Qc7 49. f4 Rb4 50. Qd1 Qc4 51. Rd2 Rb3 52. Rc2 Qb4 53.
Rc1 Rb2+ 54. Kf3 Rh2 55. Nc3 Qb2 56. Ne2 Rxe2 0-1

[Event "CRO-ch Women 2018"]
[Site "Zagreb"]
[Date "2018.05.24"]
[Round "2.5"]
[White "Vujnovic, Patricija"]
[Black "Radikovic, Anamarija"]
[Result "1-0"]
[WhiteElo "2110"]
[BlackElo "1801"]
[PlyCount "81"]
[EventDate "2018.??.??"]
[WhiteClock "1:30:00"]
[BlackClock "1:30:00"]

1. d4 d5 2. Nf3 c5 3. e3 Nf6 4. c3 Nc6 5. dxc5 Bg4 6. Bb5 e5 7. Bxc6+ bxc6 8.
Qa4 Bxc5 9. Qxc6+ Nd7 10. Nxe5 Rc8 11. Qa4 Bf5 12. Qf4 Be6 13. Nxd7 Qxd7 14.
Nd2 O-O 15. O-O Bd6 16. Qd4 f5 17. f4 Qb5 18. Nf3 Rfe8 19. Rd1 Rc4 20. Qd3 Qb6
21. Nd4 Bc8 22. b3 Rc5 23. Ba3 Rxc3 24. Qxc3 Bxa3 25. Nc2 Be7 26. Nd4 Bf6 27.
Rac1 Bd7 28. Qc7 Bxd4 29. exd4 Qb5 30. Re1 Qb4 31. Rxe8+ Bxe8 32. Qe5 Qb5 33.
Rc8 Kf8 34. Qxf5+ Ke7 35. Qe5+ Kf7 36. Qxe8+ Qxe8 37. Rxe8 Kxe8 38. Kf2 Kd7 39.
Ke3 Kc6 40. Kd3 a5 41. a3 1-0

[Event "CRO-ch Women 2018"]
[Site "Zagreb"]
[Date "2018.05.24"]
[Round "2.6"]
[White "Dasic, Jelena"]
[Black "Cvitan, Ena"]
[Result "0-1"]
[WhiteElo "1806"]
[BlackElo "2103"]
[PlyCount "56"]
[EventDate "2018.??.??"]
[WhiteClock "1:30:00"]
[BlackClock "1:30:00"]

1. b3 e5 2. Bb2 Nc6 3. e3 d5 4. Bb5 Bd6 5. f4 Qh4+ 6. g3 Qe7 7. Nf3 f6 8. Bxc6+
bxc6 9. fxe5 fxe5 10. Nxe5 Qg5 11. Nf3 Bxg3+ 12. hxg3 Qxg3+ 13. Kf1 Nh6 14. Rg1
Bh3+ 15. Ke2 Bg2 16. Ne5 Qh2 17. Kd3 Be4+ 18. Kc3 Qxe5+ 19. d4 Qh2 20. Nd2 O-O
21. Nxe4 dxe4 22. Rh1 Qg3 23. Qg1 Rf3 24. Qxg3 Rxg3 25. Rag1 Rxe3+ 26. Kd2 Nf5
27. Rg5 Rf3 28. Rhg1 g6 0-1

[Event "CRO-ch Women 2018"]
[Site "Zagreb"]
[Date "2018.05.24"]
[Round "2.7"]
[White "Maroslavac, Ivana"]
[Black "Raguz, Ivanka"]
[Result "1-0"]
[WhiteElo "1781"]
[BlackElo "1735"]
[PlyCount "91"]
[EventDate "2018.??.??"]
[WhiteClock "1:30:00"]
[BlackClock "1:30:00"]

1. e4 e5 2. Nf3 Nc6 3. Nc3 Nf6 4. d4 exd4 5. Nxd4 d5 6. Nxc6 bxc6 7. exd5 Bb4
8. Qe2+ Kf8 9. dxc6 Bxc3+ 10. bxc3 Be6 11. Ba3+ Kg8 12. Qd3 Qe8 13. Be2 Rd8 14.
Qa6 Bg4 15. f3 Qe3 16. Rd1 Qxc3+ 17. Kf2 Re8 18. Qd3 Qxc6 19. fxg4 Ne4+ 20. Kf1
h5 21. Qd7 Qf6+ 22. Qf5 Qc3 23. Qd7 Re6 24. Qd3 Qe5 25. gxh5 Rhh6 26. Bf3 Rhf6
27. Kg1 Ng5 28. Rf1 Qf4 29. Be2 Qe5 30. Rxf6 gxf6 31. Kf1 Qf4+ 32. Bf3 Ne4 33.
g3 Nd2+ 34. Kf2 Qg5 35. Bc1 Qc5+ 36. Kg2 Rd6 37. Ba3 Rxd3 38. Bxc5 Rc3 39. Bb4
Rxc2 40. Bxd2 Rxd2+ 41. Kh3 Rxa2 42. Rc1 Rf2 43. Ba8 a5 44. Rxc7 Kg7 45. Ra7
Rf5 46. Kh4 1-0

[Event "CRO-ch Women 2018"]
[Site "Zagreb"]
[Date "2018.05.24"]
[Round "2.8"]
[White "Ivekovic, Zvjezdana"]
[Black "Spilek, Kristina"]
[Result "1-0"]
[WhiteElo "1708"]
[BlackElo "1444"]
[PlyCount "77"]
[EventDate "2018.??.??"]
[WhiteClock "1:30:00"]
[BlackClock "1:30:00"]

1. d4 e6 2. c4 d5 3. Nc3 Nf6 4. Nf3 Nbd7 5. e3 Be7 6. a3 O-O 7. b4 c6 8. Bd3
dxc4 9. Bxc4 Nd5 10. Bb2 Nxc3 11. Bxc3 b5 12. Bd3 Bb7 13. O-O Nf6 14. Rc1 Rc8
15. Bb1 Nd5 16. Qc2 g6 17. Bb2 Bf6 18. Qe2 Qd7 19. Nd2 Nb6 20. Qg4 Be7 21. e4
Rfe8 22. Qf4 Qd8 23. Qg4 Bf8 24. f4 Bg7 25. e5 Nd5 26. Qg3 a5 27. Ne4 Bf8 28.
bxa5 Qxa5 29. f5 exf5 30. Rxf5 Rc7 31. h4 Bc8 32. Rf2 Kh8 33. Ng5 Be6 34. Rcf1
Kg8 35. h5 Bh6 36. hxg6 hxg6 37. Nxf7 Bxf7 38. Rxf7 Rxf7 39. Qxg6+ 1-0

[Event "CRO-ch Women 2018"]
[Site "Zagreb"]
[Date "2018.05.24"]
[Round "2.9"]
[White "Komljenovic, Kristina"]
[Black "Muha, Magdalena"]
[Result "0-1"]
[WhiteElo "1450"]
[BlackElo "1621"]
[PlyCount "88"]
[EventDate "2018.??.??"]
[WhiteClock "1:30:00"]
[BlackClock "1:30:00"]

1. e4 e6 2. d4 d5 3. exd5 exd5 4. h3 Bd6 5. Nf3 Bf5 6. a3 Ne7 7. c4 dxc4 8.
Bxc4 O-O 9. O-O Nd7 10. Re1 Nb6 11. Bb3 Nbd5 12. Nc3 Nf4 13. Bxf4 Bxf4 14. Nh4
Bd7 15. d5 Bd6 16. Ne4 Nf5 17. Nxf5 Bxf5 18. Qh5 Bg6 19. Qd1 Re8 20. Bc2 Be5
21. Rb1 Qh4 22. Qf3 Rad8 23. Bb3 Bxe4 24. Rxe4 Bh2+ 25. Kf1 Qxe4 26. Qxe4 Rxe4
27. g3 Bxg3 28. fxg3 Re3 29. Ba2 Rxg3 30. Kf2 Rxh3 31. Kg2 Rd3 32. Kf1 Rd2 33.
Bc4 h5 34. b3 h4 35. Kg1 b5 36. Bf1 R8xd5 37. a4 Rd1 38. Rb2 R5d2 39. Rxd2 Rxd2
40. Bxb5 g5 41. b4 Rb2 42. Bc6 Rxb4 43. Kh2 Rb3 44. a5 Ra3 0-1

[Event "CRO-ch Women 2018"]
[Site "Zagreb"]
[Date "2018.05.24"]
[Round "2.10"]
[White "Koksa, Jelena"]
[Black "Arnold, Dora"]
[Result "1-0"]
[WhiteElo "1600"]
[BlackElo "1347"]
[PlyCount "119"]
[EventDate "2018.??.??"]
[WhiteClock "1:26:00"]
[BlackClock "1:30:00"]

1. e4 e5 2. Nf3 Nc6 3. d4 exd4 4. Nxd4 Nf6 5. Nc3 Bb4 6. Nxc6 bxc6 7. Bd3 O-O
8. O-O Re8 9. Bg5 Bxc3 10. bxc3 d5 11. exd5 cxd5 12. Bxf6 Qxf6 13. Qh5 g6 14.
Qxd5 c6 15. Qd4 Qxd4 16. cxd4 Rd8 17. c3 Rb8 18. Bc4 Bf5 19. Rfe1 Rb7 20. h3 h5
21. Re2 Rdb8 22. Bb3 a5 23. Rae1 Kf8 24. Re5 Ra7 25. Ba4 Ra6 26. Rc5 Rbb6 27.
Ree5 f6 28. Re1 Bd7 29. d5 Be8 30. Re6 Kf7 31. Bxc6 Bxc6 32. Rexc6 Ke7 33. Rxb6
Rxb6 34. Rxa5 Rb1+ 35. Kh2 Rc1 36. Ra3 f5 37. Kg3 g5 38. Rb3 Kd6 39. c4 Rxc4
40. Rd3 Ra4 41. a3 Rf4 42. f3 Rc4 43. Kh2 h4 44. Kg1 f4 45. Kf1 Rc2 46. a4 Rc4
47. Ra3 Kxd5 48. a5 Rc8 49. a6 Ra8 50. Ke2 Kd4 51. a7 Kc4 52. Kd2 Rd8+ 53. Kc2
Ra8 54. Ra4+ Kb5 55. Kb3 Kc5 56. Kc3 Kd5 57. Ra5+ Ke6 58. Kc4 Kd6 59. Ra6+ Ke5
60. Kb5 1-0

[Event "CRO-ch Women 2018"]
[Site "Zagreb"]
[Date "2018.05.24"]
[Round "2.11"]
[White "Purkic, Ruza"]
[Black "Putar, Lara"]
[Result "1-0"]
[WhiteElo "1434"]
[BlackElo "1571"]
[PlyCount "197"]
[EventDate "2018.??.??"]
[WhiteClock "1:23:00"]
[BlackClock "1:30:00"]

1. c4 c5 2. g3 d6 3. Bg2 Bg4 4. h3 Bf5 5. e4 Be6 6. b3 Nc6 7. Ne2 a6 8. Nbc3 g6
9. d4 cxd4 10. Nxd4 Nxd4 11. Qxd4 Nf6 12. Bb2 Bg7 13. O-O O-O 14. Rad1 Qd7 15.
h4 Bh3 16. Qb6 Bxg2 17. Kxg2 Nxe4 18. Qe3 Nc5 19. Qxc5 b5 20. Qd5 bxc4 21. bxc4
e6 22. Qxd6 Qb7+ 23. Ne4 Qxe4+ 24. Kg1 Bxb2 25. Rfe1 Qf5 26. c5 Bc3 27. Re3 Bf6
28. Qb6 Rab8 29. Qxa6 Qxc5 30. Rf3 Bd4 31. Qd3 Rfd8 32. Qe2 Rb2 33. Qxb2 Bxb2
34. Rxd8+ Kg7 35. Rd7 Qc1+ 36. Kg2 Bf6 37. g4 e5 38. g5 Bxg5 39. Rfxf7+ Kg8 40.
hxg5 Qxg5+ 41. Kf1 Qc1+ 42. Kg2 Qc6+ 43. Kg3 Qc4 44. Rxh7 Qf4+ 45. Kg2 Qg4+ 46.
Kh2 Qf4+ 47. Kg1 Qg4+ 48. Kf1 Qc4+ 49. Ke1 Qxa2 50. Rhe7 Qb1+ 51. Ke2 Qc2+ 52.
Ke3 Qc3+ 53. Ke4 Qe1+ 54. Kd5 Qa5+ 55. Ke6 Qb6+ 56. Kxe5 Qb5+ 57. Rd5 Qb2+ 58.
Ke6 Qb6+ 59. Rd6 Qb3+ 60. Kd7 Qb7+ 61. Ke6 Qe4+ 62. Kd7 Qb7+ 63. Ke8 Qb5+ 64.
Red7 Qe5+ 65. Kd8 Qa5+ 66. Rc7 Qg5+ 67. Kc8 Qf5+ 68. Rdd7 g5 69. Kb8 Qb5+ 70.
Rb7 Qe5+ 71. Kc8 Qc5+ 72. Kd8 Qa5+ 73. Ke8 Qa8+ 74. Ke7 Qa3+ 75. Kf6 Qf3+ 76.
Kxg5 Qg2+ 77. Kh5 Qh2+ 78. Kg6 Qg2+ 79. Kh6 Qh2+ 80. Kg5 Qg2+ 81. Kh5 Qh2+ 82.
Kg4 Qg2+ 83. Kf4 Qxf2+ 84. Ke5 Qe3+ 85. Kd6 Qd4+ 86. Kc7 Qc5+ 87. Kb8 Qf8+ 88.
Ka7 Qa3+ 89. Kb6 Qb4+ 90. Kc6 Qc4+ 91. Kd6 Qd4+ 92. Ke6 Qe4+ 93. Kf6 Qf4+ 94.
Ke7 Qe5+ 95. Kd8 Qf6+ 96. Kc8 Qc6+ 97. Kb8 Qf6 98. Rbc7 Qb2+ 99. Kc8 1-0

[Event "CRO-ch Women 2018"]
[Site "Zagreb"]
[Date "2018.05.24"]
[Round "2.13"]
[White "Smetisko, Renata"]
[Black "Bevanda, Ema"]
[Result "0-1"]
[WhiteElo "1157"]
[BlackElo "1471"]
[PlyCount "100"]
[EventDate "2018.??.??"]
[WhiteClock "1:30:00"]
[BlackClock "1:30:00"]

1. e4 e6 2. d4 d5 3. exd5 exd5 4. Bb5+ c6 5. Bd3 Nf6 6. Bg5 Be7 7. Nf3 O-O 8.
O-O Be6 9. Ne5 Nbd7 10. Nc3 Nxe5 11. dxe5 Ng4 12. Bxe7 Qxe7 13. Qe2 Rfe8 14. h3
Nh6 15. f4 Bf5 16. a3 a5 17. Rf3 Rad8 18. Rg3 Bxd3 19. cxd3 Qc5+ 20. Kh1 Nf5
21. Rg5 g6 22. Rc1 d4 23. Na2 Qd5 24. b4 f6 25. Rg4 axb4 26. Nxb4 Qf7 27. Qf3
h5 28. Rg3 Nxg3+ 29. Qxg3 fxe5 30. fxe5 Qf5 31. Re1 c5 32. Nc2 Rd5 33. e6 Qf6
34. Qc7 Qe7 35. Qf4 Rf5 36. Qg3 Rf6 37. Qg5 Rxe6 38. Qd5 b6 39. Qb3 Kh7 40. Rf1
Rf6 41. Re1 Qf8 42. Rg1 Re2 43. Ne1 Qf7 44. Qd1 Qa2 45. Nf3 Rxf3 46. Kh2 Rff2
47. Kg3 Rxg2+ 48. Rxg2 Rxg2+ 49. Kf4 Qf2+ 50. Ke5 Qe2+ 0-1